000 00240nam a2200097Ia 4500
008 190216s9999||||xx |||||||||||||| ||und||
100 _aNull
245 0 _aHindi-Nayi Kavitha Ki Chethana
260 _bPoomkavanam Books Publishers
942 _cBK
999 _c18003
_d18003